000 00562nam a2200193Ia 4500
001 8137
003 GE_BSU
008 181216s||||||||xx |||||||||||||| ||und||
040 _cGE_BSU
245 _aВестник дверней истории. №3(286).2013.
245 _bИюль-август-сентябрь
245 _cГл.ред.А.И.Иванчик и др.
260 _aМосква.
260 _bНАУКА.
260 _c2013.
300 _a272ст.24см.
520 _aжурнал выход четыре раза в год.
942 _cCR
999 _c41470
_d41470